000 01300nkm a2200289 i 4500
001 4278
003 ES-MaACL
005 20250729053848.0
007 khrbo
008 070706s1988 sp --- g |001||spa d
100 0 _aAlfonso,
_d1902-1990
_919858
245 1 0 _aOrden termodinámico a partir de fluctuaciones [
_hFotografía] /
_cAlfonso (sello).
260 _a[S.l. :
_bs.n.],
_c1988.
300 _a2 fot. :
_bb. y n. ;
_c12 x 18 cm.
490 1 _aSeminario "La energética como introducción a la cosmobiología teórica"
500 _aDatos basados en invitación.
500 _aClausura del Seminario.
511 0 _aInterviene: Manuel García Velarde.
518 _aActo organizado por la Sección de Ciencias del Ateneo de Madrid, celebrado en la sala de conferencias el miércoles, 13 de abril de 1988, a las 20:00 h.
600 1 4 _aGarcía Velarde, Manuel
_955382
610 2 4 _aAteneo de Madrid-
_xActos culturales-
_y1988-
_vFotografías.
_91903
710 2 _aAteneo de Madrid.
_bSección de Ciencias.
_91972
830 0 _aSeminario "La energética como introducción a la cosmobiología teórica"
_9177027
852 _aES-MaACL
_jFOT 92/1988
856 4 _uhttp://www.ateneodemadrid.net/biblioteca_digital/imagenes/1988/0092-1988.jpg
_zVer imagen
999 _c4278
_d4278